/Básne/

Bibliographic Details
Main Author: Križka, Teodor, 1956- (Author)
Other Authors: Vojíř, Miloš (Illustrator)
Format: Article
Language:Slovak
PhysicalDescription:Fot. 1.
Subjects:

MARC

LEADER 00000nab a2200000 a 4500
001 vtls000238041
003 SK-MaSNL
005 20260304014106.0
008 241209c1986 xo 0 slo
015 |a SNBRB19rr/mm-uuuuu 
035 |a CL0248155 
040 |a SNKBUCL  |b slo  |c SNKBUCL  |e AACR2 
041 0 |a slo 
044 |a xo  |c SK 
080 |a 885.4-1  |2 1981 
100 1 |a Križka, Teodor,  |d 1956-  |4 aut  |9 206539 
245 1 0 |a /Básne/  |c Teodor Križka 
300 |b Fot. 1. 
500 |a Názvy básní: Úzkosť, Kniha Pavlovi Dobšinskému, Rozmarín, Svadobná, Stáčanie medu, Planetárium. 
655 7 |a slovenská poézia  |2 snkbucl  |9 70444 
655 7 |a články z novín a časopisov  |2 snkbucl  |9 267496 
655 7 |a články z odboru literárna veda a krásna literatúra  |2 snkbucl  |9 770045 
700 1 |a Vojíř, Miloš  |4 ill  |9 285477 
773 0 |t Nová cesta  |g Roč. 8, č. 1 (1986), s. 16-17 
850 |a Slovenská národná knižnica 
852 |a Slovenská národná knižnica 
958 |a RK 
958 |a LX 
992 |a RBX 
999 |c 2581237  |d 2583167